Statistics for Top 10 Oldest Countries

Click here to take the quiz!

General Stats

  • This quiz has been taken 50 times
  • The average score is 6 of 10

Answer Stats

Country% Correct
China
88%
Egypt
79%
Greece
76%
India
74%
Japan
74%
France
64%
Iran
62%
Ethiopia
38%
Portugal
33%
San Marino
29%

Score Distribution

Percentile by Number Answered

Percent of People with Each Score

Your Score History

You have not taken this quiz